Представление документа в формате MARC21

ПолеНазваниеЗначение
  Тип записи a
  Библиографический уровень m
001 Контрольный номер RU\infra-m\znanium\bibl\2248334
005 Дата корректировки 20260429142059.5
008 Кодируемые данные 260316s2026 RU g rus u
020 Индекс ISBN __
a ISBN 978-5-288-06482-1
040 Источник каталогиз. __
a Служба первич. каталог. Общество с ограниченной ответственностью «ЗНАНИУМ»
041 Код языка издания __
a Код языка текста rus
044 Код страны публикации __
a Код страны публикации RU
080 Индекс УДК __
a Индекс УДК 81
084 Индекс другой классификации/Индекс ББК __
2 Источник индекса rubbk
a Индекс другой классификации/Индекс ББК 81
084 Индекс другой классификации/Индекс ББК __
2 Источник индекса okso
a Индекс другой классификации/Индекс ББК 45.03.01
084 Индекс другой классификации/Индекс ББК __
2 Источник индекса okso
a Индекс другой классификации/Индекс ББК 45.03.02
245 Заглавие __
a Заглавие Фонетические характеристики иронии
b Продолж. заглавия Монография
c Ответственность Санкт-Петербургский государственный университет
250 Сведения об издании __
a Основные сведения об издании 1
260 Выходные данные __
a Место издания Санкт-Петербург
b Издательство Издательство Санкт-Петербургского государственного университета
c Дата издания 2025
300 Физическое описание __
a Объем 172 с.
520 Аннотация __
a Аннотация Монография отражает результаты корпусного исследования фонетических характеристик иронии проведенного на кафедре фонетики и методики преподавания иностранных языков Санкт-Петербургского государственного университета. В работе дан теоретический обзор существующих подходов к определению иронии представлены результаты исследований иронических высказываний на материале различных языков описано создание собственного мультимедийного корпуса русской иронической речи установлены значимые для восприятия фонетические характеристики иронических высказываний а также сопровождающие их жесты и мимика ставится вопрос об универсальных чертах выражения иронии в различных языках и о перцептивной значимости конкретных акустических параметров. Работа является первым масштабным исследованием звуковых особенностей иронической речи на материале русского языка. Издание может быть адресовано как специалистам (от филологов и лингвистов до психологов и разработчиков в области речевых технологий и искусственного интеллекта) так и всем читателям интересующимся вопросами анализа звучащей речи.
521 Примеч. о цел. назн. __
a Примеч. о целев. назн. Дополнительное профессиональное образование
650 Тематические рубрики __
a Основная рубрика Филологические науки
x Основная подрубрика Фонетика. Орфоэпия
655 Указ. предметных рубрик (устаревшее) __
a Жанр/ форма (устаревшее) Монография
700 Другие авторы __
a Другие авторы Скрелин П.А.
q Полное имя Скрелин Павел Анатольевич
u Дополнение Санкт-Петербургский государственный университет
700 Другие авторы __
a Другие авторы Кочеткова У.Е.
q Полное имя Кочеткова Ульяна Евгеньевна
u Дополнение Санкт-Петербургский государственный университет
856 Электронный адрес документа 4_
a Имя сервера/домена znanium.ru
m Помощь ebs_support@infra-m.ru
n Местонахождение сервера НИЦ ИНФРА-М
u URL https://znanium.ru/catalog/document?id=480231
856 Электронный адрес документа 48
a Имя сервера/домена znanium.ru
d Путь /cover/2248
f Электронное имя 2248334.jpg
q Тип электронного формата image/jpeg
u URL https://znanium.ru/cover/2248/2248334.jpg
911 __
u 0030=https://znanium.ru/catalog/document?id=480231